00940nam0a22002291 4500001001100000005001700011021001900028035002600047100004100073101000800114102000700122105001800129200021900147210003700366215003600403225011400439700006700553702003100620801001800651801002200669852001900691rc\488912820250612202006.0 aRUb[61-78656] a(NLR Aleph) 008829388 a20130426d1961 |||y0rusy50 ca0 arus aRU aa z |||a|1 aПриключения маленького актера, или Повесть о кукле Петрушке и девочке Саше, об их друзьях и недругахf[Ил.: Б. Калаушин] aМоскваcДетгизd1961 a160 с., 1 л. ил.cил.d211 aШкольная библиотекаi[Для начальной и восьмилетней школы] 1aЭмденbЭ.М.f1906-1961gЭсфирь Моисеевна 1aКалаушинbБ.4440 0aRUbNLRgpsbo 1aRUbELAR2rusmarc aNLRj61-3/5680